Economía internacional : (Registro nro. 5820)

Detalles MARC
000 -LEADER
fixed length control field 00987nam a2200241Ia 4500
003 - CONTROL NUMBER IDENTIFIER
control field OSt
005 - DATE AND TIME OF LATEST TRANSACTION
control field 20200710234850.0
008 - FIXED-LENGTH DATA ELEMENTS--GENERAL INFORMATION
fixed length control field 191128t2002 ck ad fr 000 0 spa d
020 ## - INTERNATIONAL STANDARD BOOK NUMBER
International Standard Book Number 9701506693
040 ## - CATALOGING SOURCE
Original cataloging agency CO-JMCR
Transcribing agency CO-JMCR
041 0# - LANGUAGE CODE
Language code of text/sound track or separate title spa
082 04 - DEWEY DECIMAL CLASSIFICATION NUMBER
Classification number 337.1 /
Item number O771e
Edition number 23
100 1# - MAIN ENTRY--PERSONAL NAME
Personal name Ossa Scaglia, Fernando,
Relator term autor
9 (RLIN) 7042
245 10 - TITLE STATEMENT
Title Economía internacional :
Remainder of title aspectos reales /
Statement of responsibility, etc. Fernando Ossa Scaglia
250 ## - EDITION STATEMENT
Edition statement 2a. edición
260 ## - PUBLICATION, DISTRIBUTION, ETC.
Place of publication, distribution, etc. Bogotá :
Name of publisher, distributor, etc. Alfaomega,
Date of publication, distribution, etc. ©2002
300 ## - PHYSICAL DESCRIPTION
Extent 322 páginas :
Other physical details gráficos a blanco y negro ;
Dimensions 23 cm.
504 ## - BIBLIOGRAPHY, ETC. NOTE
Bibliography, etc. note Bibliografía: páginas 299-313
505 0# - FORMATTED CONTENTS NOTE
Formatted contents note Equilibrio general en autarquía y bajo el libre comercio -- Comercio internacional y bienestar -- Ventaja comparativa: la teoría Ricardina y teoría de Heckscher-Ohlin -- Economías de escala y comercio internacional: la competencia monopolística
650 14 - SUBJECT ADDED ENTRY--TOPICAL TERM
Topical term or geographic name entry element Economía internacional
9 (RLIN) 7043
650 14 - SUBJECT ADDED ENTRY--TOPICAL TERM
Topical term or geographic name entry element Comercio internacional
9 (RLIN) 4034
942 ## - ADDED ENTRY ELEMENTS (KOHA)
Source of classification or shelving scheme Dewey Decimal Classification
Koha item type Books
Existencias
Withdrawn status Lost status Source of classification or shelving scheme Damaged status Not for loan Collection code Home library Current library Date acquired Source of acquisition Total Checkouts Full call number Barcode Date last seen Date last checked out Copy number Koha item type
    Dewey Decimal Classification     Non-fiction Biblioteca Pública José María del Castillo y Rada Biblioteca Pública José María del Castillo y Rada 04/15/2018 Donación 4 337.1 / O771e 430004740 05/16/2024 06/13/2023 Ej.1 Books